Vietnam

Makroekonomické výsledky vietnamskej ekonomiky. Zahranično-obchodné vzťahy Vietnamu. Vzájomný obchod a zahraničné vzťahy Českej republiky a Vietnamu. Perspektívne trhové sektory a komodity.

Uložené v:
Podrobná bibliografia
Hlavný autor: Slunečko, Vladimír
Médium: Kapitola
Jazyk:Czech
Predmet:
Tagy: Pridať tag
Žiadne tagy, Buďte prvý, kto otaguje tento záznam!

MARC

LEADER 00000naa a2200000 4500
001 r034115
005 20230920095726.9
041 0 |a cze 
044 |a CZ 
245 1 0 |a Vietnam  |c Vladimír Slunečko 
520 |a Makroekonomické výsledky vietnamskej ekonomiky. Zahranično-obchodné vzťahy Vietnamu. Vzájomný obchod a zahraničné vzťahy Českej republiky a Vietnamu. Perspektívne trhové sektory a komodity. 
610 2 0 |a obchod zahraničný 
610 2 0 |a vzťahy hospodárske vonkajšie 
610 2 0 |a Vietnam 
610 2 0 |a Česko 
610 2 0 |a bilancia obchodná 
610 2 0 |a komodity 
610 2 0 |a ukazovatele makroekonomické 
100 1 |a Slunečko, Vladimír